[Event "Euskadi-chT (Vasca) Div 1st"]
[Site "Bergara"]
[Date "2016.??.??"]
[Round "1.4"]
[White "Hernandez Garcia, Maximo"]
[Black "Sierra Lopez, Ceferino"]
[Result "1-0"]
[WhiteElo "2025"]
[BlackElo "1981"]
[PlyCount "120"]
[EventDate "2016.01.09"]
[EventType "team-tourn"]
[EventRounds "9"]
[EventCountry "ESP"]
[SourceTitle "EXT 2024"]
[Source "ChessBase"]
[SourceDate "2023.10.10"]
[SourceVersion "1"]
[SourceVersionDate "2023.10.10"]
[SourceQuality "1"]

1. e4 e5 2. Nf3 Nc6 3. Bc4 Bc5 4. 0-0 d6 5. c3 Nf6 6. d4 exd4 7. cxd4 Bb6 8. Nc3 h6 9. h3 0-0 10. Be3 Re8 11. Qc2 Nxe4 12. Bxf7+ Kxf7 13. Nxe4 Kg8 14. Ng3 Qf6 15. Kh2 Be6 16. Rfd1 Bd5 17. Qf5 Qxf5 18. Nxf5 Rf8 19. N5h4 Kh7 20. g4 g5 21. Ng2 Bxf3 22. Rg1 d5 23. Rac1 Rf7 24. Kg3 Be4 25. h4 Bf5 26. gxf5 Nxd4 27. Bxd4 Bxd4 28. hxg5 hxg5 29. Rh1+ Kg7 30. Rh5 Rxf5 31. Rxc7+ Kg6 32. Rch7 Rxf2 33. R5h6+ Kf5 34. Rf7+ Ke4 35. Rxf2 Bxf2+ 36. Kxf2 Rc8 37. Ne1 Rf8+ 38. Ke2 Rf7 39. Rg6 Kf5 40. Rg8 g4 41. Nd3 Rh7 42. Rf8+ Kg5 43. Ke3 Rh2 44. Rd8 d4+ 45. Rxd4 g3 46. Kf3 Kf5 47. Kxg3 Rh7 48. Kf3 Rc7 49. Rd5+ Ke6 50. Rh5 Rg7 51. Ke4 Kd6 52. Rh6+ Kc7 53. Kd5 Rd7+ 54. Kc4 b6 55. b4 Kb7 56. Rf6 Rh7 57. Kb3 Re7 58. b5 Kc7 59. Nb2 Kb7 60. Kb4 Kc7 1-0

[Event "Euskadi-chT (Vasca) Div 1st"]
[Site "Bergara"]
[Date "2015.01.31"]
[Round "4.4"]
[White "Sierra Lopez, Ceferino"]
[Black "Fernandez del Pozo, Anibal"]
[Result "0-1"]
[WhiteElo "1978"]
[BlackElo "1879"]
[PlyCount "56"]
[EventDate "2015.01.10"]
[EventType "team-tourn"]
[EventRounds "9"]
[EventCountry "ESP"]
[SourceTitle "EXT 2024"]
[Source "ChessBase"]
[SourceDate "2023.10.10"]
[SourceVersion "1"]
[SourceVersionDate "2023.10.10"]
[SourceQuality "1"]

1. e4 d5 2. exd5 Qxd5 3. Nc3 Qa5 4. d4 Nf6 5. Bd2 c6 6. Nge2 Bf5 7. Ne4 Qd8 8. N4g3 Bg6 9. c3 e6 10. Nf4 Bd6 11. Bc4 Nd5 12. Nh3 Qc7 13. Be2 Nd7 14. 0-0 h5 15. c4 h4 16. cxd5 hxg3 17. fxg3 exd5 18. Bf4 0-0-0 19. Rc1 Nf6 20. b4 Bxf4 21. Nxf4 Qe7 22. b5 Qe3+ 23. Kh1 Ne4 24. Nh3 Nc3 25. Bg4+ f5 26. Qb3 fxg4 27. Rxc3 Qe2 28. Rfc1 gxh3 0-1

[Event "Euskadi-chT (Vasca) Div 1st"]
[Site "Bergara"]
[Date "2014.01.25"]
[Round "3.1"]
[White "Sierra Lopez, Ceferino"]
[Black "Marchena Hurtado, Ander"]
[Result "1/2-1/2"]
[WhiteElo "1978"]
[BlackElo "2045"]
[PlyCount "44"]
[EventDate "2014.01.11"]
[EventType "team-tourn"]
[EventRounds "9"]
[EventCountry "ESP"]
[SourceTitle "EXT 2024"]
[Source "ChessBase"]
[SourceDate "2023.10.10"]
[SourceVersion "1"]
[SourceVersionDate "2023.10.10"]
[SourceQuality "1"]

1. e4 c5 2. Nf3 Nc6 3. d4 cxd4 4. Nxd4 Nf6 5. Nc3 d6 6. Be2 e5 7. Nb3 Be7 8. 0-0 0-0 9. Bg5 Be6 10. Bxf6 Bxf6 11. Nd5 Bg5 12. Bg4 Na5 13. Nxa5 Qxa5 14. Bxe6 fxe6 15. Nc3 Be7 16. Qd3 Rac8 17. Rab1 a6 18. Qh3 Kf7 19. Qh5+ Kg8 20. Qh3 Kf7 21. Qh5+ Kg8 22. Qh3 Kf7 1/2-1/2

[Event "Euskadi-chT Div Honor"]
[Site "Bergara"]
[Date "2013.03.02"]
[Round "8.3"]
[White "Sierra Lopez, Ceferino"]
[Black "Gomez Esteban, Juan Mario"]
[Result "0-1"]
[WhiteElo "2006"]
[BlackElo "2463"]
[PlyCount "62"]
[EventDate "2013.01.12"]
[EventType "team"]
[EventRounds "9"]
[EventCountry "ESP"]
[SourceTitle "EXT 2015"]
[Source "ChessBase"]
[SourceDate "2014.11.20"]
[SourceVersion "1"]
[SourceVersionDate "2014.11.20"]
[SourceQuality "1"]

1. e4 c5 2. Nf3 d6 3. d4 cxd4 4. Nxd4 Nf6 5. Nc3 Nc6 6. Be2 e6 7. 0-0 Be7 8. Be3 0-0 9. Kh1 a6 10. a4 Qc7 11. f4 Re8 12. Nb3 b6 13. Qe1 Bb7 14. Qf2 Nd7 15. h4 Nc5 16. Nxc5 bxc5 17. h5 Nb4 18. Bf3 d5 19. exd5 exd5 20. Bc1 Bf6 21. Nd1 d4 22. Bxb7 Qxb7 23. c3 Nd3 24. Qg3 c4 25. cxd4 Qd5 26. f5 Qxd4 27. h6 Re4 28. Be3 Qe5 29. Qxe5 Bxe5 30. Rf3 Re8 31. Nf2 Rxe3 0-1

[Event "Euskadi-chT (Vasca) Div 1st"]
[Site "Bergara"]
[Date "2012.03.03"]
[Round "8.4"]
[White "Sierra Lopez, Ceferino"]
[Black "Perez Marchal, Javier"]
[Result "1/2-1/2"]
[WhiteElo "2011"]
[BlackElo "1853"]
[PlyCount "30"]
[EventDate "2012.01.14"]
[EventType "team-tourn"]
[EventRounds "9"]
[EventCountry "ESP"]
[SourceTitle "EXT 2024"]
[Source "ChessBase"]
[SourceDate "2023.10.10"]
[SourceVersion "1"]
[SourceVersionDate "2023.10.10"]
[SourceQuality "1"]

1. e4 e5 2. Nf3 Nc6 3. Bc4 Bc5 4. 0-0 h6 5. c3 Nf6 6. d4 Bd6 7. Qe2 0-0 8. dxe5 Bxe5 9. Nxe5 Nxe5 10. Bb3 d6 11. f3 Qe7 12. Nd2 Be6 13. Bxe6 Qxe6 14. Nb3 c5 15. Be3 Rfd8 1/2-1/2

[Event "Euskadi-chT (Vasca) Div 1st"]
[Site "Bergara"]
[Date "2012.01.14"]
[Round "1.3"]
[White "Lasa Garcia, Javier"]
[Black "Sierra Lopez, Ceferino"]
[Result "1/2-1/2"]
[WhiteElo "1835"]
[BlackElo "2011"]
[PlyCount "109"]
[EventDate "2012.01.14"]
[EventType "team-tourn"]
[EventRounds "9"]
[EventCountry "ESP"]
[SourceTitle "EXT 2024"]
[Source "ChessBase"]
[SourceDate "2023.10.10"]
[SourceVersion "1"]
[SourceVersionDate "2023.10.10"]
[SourceQuality "1"]

1. d4 e6 2. Nf3 Nf6 3. Bg5 d5 4. e3 Be7 5. Bd3 Nbd7 6. Nbd2 0-0 7. 0-0 c5 8. c3 b6 9. Ne5 Nxe5 10. dxe5 Nd7 11. Bxe7 Qxe7 12. f4 f5 13. Nf3 Bb7 14. Ng5 h6 15. Nf3 g5 16. Qe1 Rf7 17. h3 Rg7 18. Nh2 gxf4 19. exf4 c4 20. Bc2 d4 21. Nf3 d3 22. Bd1 Nc5 23. b3 b5 24. bxc4 bxc4 25. Rb1 Ne4 26. Qe3 Nxc3 27. Rc1 Qa3 28. Nh4 Nxd1 29. Rfxd1 Qxa2 30. Rd2 Qb3 31. Qd4 Bd5 32. Ra1 Qb4 33. Rxd3 Qe7 34. Nxf5 Rxg2+ 35. Kf1 Qh7 36. Rg3+ Rxg3 37. Nxg3 Qc2 38. Ne2 a5 39. Kf2 a4 40. Rc1 Qf5 41. Qb6 Qxh3 42. Rg1+ Kh8 43. Qc7 Qh4+ 44. Ke3 Rg8 45. Rxg8+ Kxg8 46. Qc8+ Kf7 47. Qd7+ Kg6 48. Qe8+ Kg7 49. Qd7+ Kf8 50. Qxa4 Qh3+ 51. Kf2 Qf3+ 52. Ke1 Qe3 53. Qb4+ Kf7 54. Qd6 Kg6 55. Qf8 1/2-1/2